00381nam a2200145Ia 4500003000400000008004100004040001600045082001800061100001900079245005500098260003900153300001000192650001100202650002200213GCL140319s9999 xx 000 0 eng d aGCL / cGCL04a005.4429bS V1 aSAVIT, JAFFREY10aVM\CMS: CONCEPTS AND FACILITIES / cSAVIT, JAFFREY a[S.N] : bMC GRAW - HILL ، c1992 a461 P04aVM\CMS04aOPERATING SYSTEMS